00471nam a2200145Ia 4500003000400000008004100004040001600045082002200061100002500083245011800108700001700226260004600243300000900289650002700298GCL140319s9999 xx 000 0 eng d aGCL / cGCL04aCHb372.6541bB M1 aSADIKA YUSSF MAHMOUD10aMON DISTIONNAIRE: FRANCAIS ARABE, ARABE FRANCAIS AVEC 80 IMAGES OUTOCOLLANTES EN COULEUR / cSADIKA YUSSF MAHMOUD1 aBADAWI, ZAKI a[S.N] : bDAR AL-KITAB AL-MASRI ، c1994 a48 P04aPSYCHOLOGY OF LEARNING